000 006180000a22002050004500
020 _a84-7151-836-8
082 0 4 _aG 269.2 F639p
100 1 _aFloristán, Casiano
245 1 0 _aPara comprender la Evangelización / Casiano Floristán
260 _aEstella, Navarra : Verbo Divino
300 _a195 p.
501 _aRústico
505 0 0 _aLa evangelización: Historia, naturaleza, prioridades y propuestas de nueva evangelización
650 1 4 _aEVANGELIZACION
001 18045
942 _cBK
999 _c44538
_d44538
336 _atexto
_btxt
_2rdacontent
337 _2rdamedia
_asin mediación
_bn
338 _2rdacarrier
_avolumen
_bnc